| 000 | 01204nam0a2200313 4500 | ||
|---|---|---|---|
| 001 | RU\NLR\bibl\87902 | ||
| 005 | 20250617074142.0 | ||
| 021 |
_aRU _b2000-5841 _9295 |
||
| 035 | _a(NLR Aleph) 000085866 | ||
| 090 |
_a479915 _c479915 |
||
| 100 | _a20000523d1999 |||y0rusy50 ca | ||
| 101 | 0 | _arus | |
| 102 | _aRU | ||
| 105 | _aa ||||||||| | ||
| 200 | 1 |
_aМеждународная культурология _e(Полит. реалии XX в. и пробл. их духов. отражения) _fЛ.О. Терновая _gРос. акад. гос. службы при Президенте Рос. Федерации |
|
| 210 |
_aМ. _cИзд-во РАГС _d1999 |
||
| 215 |
_a149 с. _cил. _d20 |
||
| 320 | _aБиблиогр. в подстроч. прим. | ||
| 606 | 0 |
_aКультура и политика _91999858 _3RU\NLR\auth\661204065 |
|
| 686 | _aС550.2 | ||
| 686 | _aЮ6 | ||
| 700 | 1 |
_4070 _7ca _8rus _aТерновая _bЛ. О. _gЛюдмила Олеговна _9263186 _3RU\NLR\AUTH\770263242 |
|
| 801 | 0 |
_aRU _bNLR _c20000523 _gPSBO |
|
| 801 | 1 |
_aRU _bNLR _c20000523 |
|
| 830 | _aАвт. по кн. | ||
| 852 |
_aNLR _j2000-3/4043 |
||
| 942 | _cBOOK | ||
| 980 | _aNB | ||